000 00353nam a2200133Ia 4500
008 151001s9999||||xx |||||||||||||| ||und||
100 _aपरमहंस आचार्य
245 _aमेघनाद साहा
250 _a1
260 _bअरुण प्रकाशन
260 _c2001
300 _a71
365 _b21
999 _c978938
_d978935